Tìm hiểu trái đất và loài người

Nội dung tập hợp những thông tin từ nhiều trường phái khác nhau, từ những nghiên cứu của các nhóm nhà khoa học hoặc của từng nhà khoa học khác nhau....

Gespeichert in:
Bibliographische Detailangaben
1. Verfasser: Nguyễn, Hữu Danh
Format: Buch
Sprache:Undetermined
Veröffentlicht: H. Giáo dục 2004
Schlagworte:
Online Zugang:http://lrc.tdmu.edu.vn/opac/search/detail.asp?aID=2&ID=20376
Tags: Tag hinzufügen
Keine Tags, Fügen Sie den ersten Tag hinzu!
Thư viện lưu trữ: Trung tâm Học liệu Trường Đại học Thủ Dầu Một
LEADER 00880nam a2200205Ia 4500
001 TDMU_20376
008 210410s9999 xx 000 0 und d
082 |a 550 
090 |b NG527 
100 |a Nguyễn, Hữu Danh 
245 0 |a Tìm hiểu trái đất và loài người 
245 0 |c Nguyễn Hữu Danh 
260 |a H. 
260 |b Giáo dục 
260 |c 2004 
300 |a 151tr 
520 |a Nội dung tập hợp những thông tin từ nhiều trường phái khác nhau, từ những nghiên cứu của các nhóm nhà khoa học hoặc của từng nhà khoa học khác nhau.... 
650 |a Lịch sử loài người; Trái đất  |x lịch sử 
856 |u http://lrc.tdmu.edu.vn/opac/search/detail.asp?aID=2&ID=20376 
980 |a Trung tâm Học liệu Trường Đại học Thủ Dầu Một